Actors who worked with Jake Kasdan - Statistics

General Stats
  • This quiz has been taken 4 times
  • The average score is 29 of 80
Answer Stats
Films Answer % Correct
Jumanji: Welcome to the Jungle, Jumanji: The Next Level, Red One Dwayne Johnson
100%
Jumanji: Welcome to the Jungle, Jumanji: The Next Level, Sex Tape, Walk Hard: The Dewey Cox Story, Orange County Jack Black
100%
Jumanji: Welcome to the Jungle, Jumanji: The Next Level Kevin Hart
100%
Jumanji: The Next Level Awkwafina
67%
Bad Teacher, Sex Tape Cameron Diaz
67%
Red One Chris Evans
67%
Walk Hard: The Dewey Cox Story John C. Reilly
67%
Bad Teacher Justin Timberlake
67%
Red One Lucy Liu
67%
Jumanji: Welcome to the Jungle, Jumanji: The Next Level Alex Wolff
33%
Jumanji: The Next Level Bebe Neuwirth
33%
Orange County, Zero Effect Ben Stiller
33%
Zero Effect Bill Pullman
33%
Jumanji: Welcome to the Jungle Bobby Cannavale
33%
Red One Bonnie Hunt
33%
Orange County Catherine O'Hara
33%
Orange County Chevy Chase
33%
Walk Hard: The Dewey Cox Story Chris Parnell
33%
Jumanji: Welcome to the Jungle, Jumanji: The Next Level, Orange County Colin Hanks
33%
Walk Hard: The Dewey Cox Story Craig Robinson
33%
Jumanji: The Next Level Danny DeVito
33%
Jumanji: The Next Level Danny Glover
33%
The TV Set David Duchovny
33%
Walk Hard: The Dewey Cox Story David Krumholtz
33%
Walk Hard: The Dewey Cox Story Ed Helms
33%
Sex Tape Ellie Kemper
33%
Bad Teacher Eric Stonestreet
33%
Walk Hard: The Dewey Cox Story Frankie Muniz
33%
Walk Hard: The Dewey Cox Story, Orange County Harold Ramis
33%
The TV Set Ioan Gruffudd
33%
Walk Hard: The Dewey Cox Story Jack White
33%
Walk Hard: The Dewey Cox Story Jane Lynch
33%
Walk Hard: The Dewey Cox Story Jason Schwartzman
33%
Bad Teacher, Sex Tape Jason Segel
33%
Walk Hard: The Dewey Cox Story Jenna Fischer
33%
Red One J. K. Simmons
33%
Orange County John Lithgow
33%
Bad Teacher, Walk Hard: The Dewey Cox Story John Michael Higgins
33%
The TV Set Judy Greer
33%
Walk Hard: The Dewey Cox Story Justin Long
33%
Bad Teacher Kaitlyn Dever
33%
Jumanji: Welcome to the Jungle, Jumanji: The Next Level Karen Gillan
33%
Bad Teacher Kathryn Newton
33%
Orange County Kevin Kline
33%
Red One Kiernan Shipka
33%
Zero Effect Kim Dickens
33%
Walk Hard: The Dewey Cox Story Kristen Wiig
33%
Red One Kristofer Hivju
33%
Sex Tape Kumail Nanjiani
33%
Orange County Leslie Mann
33%
Orange County Lily Tomlin
33%
Bad Teacher Lucy Punch
33%
Walk Hard: The Dewey Cox Story Martin Starr
33%
Red One Mary Elizabeth Ellis
33%
Orange County Mike White
33%
Bad Teacher Molly Shannon
33%
Jumanji: Welcome to the Jungle, Jumanji: The Next Level Nick Jonas
33%
Red One Nick Kroll
33%
Walk Hard: The Dewey Cox Story Patrick J. Adams
33%
Walk Hard: The Dewey Cox Story Paul Rudd
33%
The TV Set Philip Baker Hall
33%
Bad Teacher Phyllis Smith
33%
Walk Hard: The Dewey Cox Story Rance Howard
33%
Sex Tape Randall Park
33%
Walk Hard: The Dewey Cox Story Raymond J. Barry
33%
Jumanji: Welcome to the Jungle, Jumanji: The Next Level Rhys Darby
33%
Sex Tape Rob Corddry
33%
Sex Tape Rob Lowe
33%
Zero Effect Ryan O'Neal
33%
Orange County Schuyler Fisk
33%
The TV Set Sigourney Weaver
33%
Walk Hard: The Dewey Cox Story, The TV Set Simon Helberg
33%
Bad Teacher Thomas Lennon
33%
Walk Hard: The Dewey Cox Story Tim Meadows
33%
Red One Wesley Kimmel
33%
The TV Set Willie Garson
33%
Bad Teacher Finneas O'Connell
0%
Walk Hard: The Dewey Cox Story Jonah Hill
0%
Jumanji: The Next Level Rory McCann
0%
Orange County Tom Kenny
0%
No matching quizzes found
Score Distribution
Percent of People with Each Score
Percentile by Number Answered
Your Score History
You have not taken this quiz